Biblioteca

The fine art of hypochondria or How are you? / Goodman Ace (Registro nro. 40969)

Detalles MARC
000 -LÍDER
Campo fijo de descripción fija 003220000a22001330004500
041 0# - CÓDIGO DE IDIOMA
Código de idioma para texto/pista de sonido o título separado
082 04 - NÚMERO DE CLASIFICACIÓN DECIMAL DEWEY
Número de clasificación G 817.54 A173f
001 - NÚMERO DE CONTROL
Campo de control 11904
100 1# - ASIENTO PRINCIPAL--NOMBRE PERSONAL
Nombre personal Ace, Goodman
245 10 - TÍTULO
Título del Material The fine art of hypochondria or How are you? / Goodman Ace
260 ## - PUBLICACIÓN, DISTRIBUCIÓN, ETC. (PIE DE IMPRENTA)
Lugar de publicación, distribución, etc. Garden City, N.Y., USA : Doubleday
300 ## - DESCRIPCIÓN FÍSICA
Extensión 188 Pag
942 ## - TIPO DE MATERIAL (KOHA)
Tipo de Item KOHA Libros General
Existencias
Estado de Material Estado de Perdido Estado de Dañado No para Préstamo Colección Tomo Biblioteca de Origen Biblioteca Permanente Fecha de Adquisición Total de Préstamos Signatura Topográfica Código de Barras Última vez visto Ejemplar/Existencia Fecha de Remplazo Tipo de Material
        Colección General   Biblioteca FUSBC Biblioteca FUSBC 10/02/2005   G 817.54 A173f 15008 12/12/2019 1 26/01/2016 Libros General

Biblioteca FUSBC | Teléfono: (57+4) 349 88 10 Ext. 141| WhatsApp (+57) 3005338115 
E-mail: biblioteca@unisbc.edu.co | Calle 76 87-14 Robledo Palenque, Medellín, Colombia

Con tecnología Koha